Statistics for Brands by Partial Logo Images #2

Click here to take the quiz!

General Stats

  • This quiz has been taken 626 times
  • The average score is 7 of 16

Answer Stats

HintAnswer% Correct
HTML tutorial Toyota
94%
HTML tutorial McDonald's
89%
HTML tutorial Microsoft
84%
HTML tutorial Amazon
80%
HTML tutorial MTV
79%
HTML tutorial Los Angeles Lakers
71%
HTML tutorial Paramount Pictures
34%
HTML tutorial UEFA Champions League
33%
HTML tutorial Zippo
32%
HTML tutorial Johnnie Walker
32%
HTML tutorial Formula 1
31%
HTML tutorial Swatch
29%
HTML tutorial Delta
18%
HTML tutorial Gazprom
14%
HTML tutorial Bosch
10%
HTML tutorial Aeroflot
6%

Score Distribution

Percentile by Number Answered

Percent of People with Each Score

Your Score History

You have not taken this quiz